000 00388 a2200157 4500
003 Nust
005 20230309115527.0
040 _cNust
082 _a297.632,MUH
100 _a Fatehpuri , Akhtar
_9110062
245 _aSullah Hudaibiya /
_cAkhtar Fateh Puri
260 _aKarachi
_bNafees Academy
300 _a293:p
650 _aWar and Peace
_9107601
942 _2ddc
_cBK
_k297.632,MUH
999 _c188007
_d188007